| 000 | 00664nam a22002057a 4500 | ||
|---|---|---|---|
| 005 | 20240910123028.0 | ||
| 010 | _a ENG-141709 | ||
| 020 |
_a9789382396260 _c650.00 |
||
| 035 | _aEN-125241 | ||
| 037 | _aDBAD | ||
| 082 | _a340.092 | ||
| 245 |
_aGandhi Theory and Practice: _bSocial Impact and Contemporary Relevance/ _cEdited by S.C. Biswas |
||
| 250 | _a2 | ||
| 260 |
_aShimla _bIndian Institute of Advanced Study _c2015 |
||
| 270 |
_aRashtrapati Nivas, _bShimla _e171005 |
||
| 300 |
_axxix,710p. _c25cm(Hb) |
||
| 500 | _aIncludes bibliographical references and indexes | ||
| 700 |
_aBiswas, S.C. _971386 |
||
| 942 |
_2ddc _cEN _mGAN _h340.092 |
||
| 999 |
_c205747 _d205747 |
||